header

Linthead stomp (Record no. 175890)

MARC details
000 -LEADER
fixed length control field 01727nam a22003494a 4500
082 04 - DEWEY DECIMAL CLASSIFICATION NUMBER
Classification number 782.5
100 1# - MAIN ENTRY--AUTHOR NAME
Personal name Huber, Patrick.
245 10 - TITLE STATEMENT
Title Linthead stomp
260 ## - PUBLICATION, DISTRIBUTION, ETC. (IMPRINT)
Place of publication Chapel Hill :
Name of publisher University of North Carolina Press,
Year of publication c2008.
300 ## - PHYSICAL DESCRIPTION
Number of Pages xxi, 416 p. :
Other physical details ill.
505 0# - FORMATTED CONTENTS NOTE
Formatted contents note King of the mountaineer musicians : Fiddlin' John Carson -- Rough and rowdy ways : Charlie Poole and the North Carolina Ramblers -- Cain't make a living at a cotton mill : Dave McCarn -- A blessing to people : the Dixon Brothers, Howard and Dorsey.
650 #0 - SUBJECT ADDED ENTRY--TOPICAL TERM
Topical Term Country music
Topical Term Country music
Topical Term Country musicians
Topical Term Textile workers
856 40 - ELECTRONIC LOCATION AND ACCESS
Uniform Resource Identifier http://site.ebrary.com/lib/rucke/Doc?id=10310776

No items available.

© 2026 Rongo University
Contact us: librarian | system librarian | Rongo university